Normal view
MARC view
Entry Personal Name
001 - CONTROL NUMBER
- control field: 1012
003 - CONTROL NUMBER IDENTIFIER
- control field: PK-NaQUE
005 - DATE AND TIME OF LATEST TRANSACTION
- control field: 20260629111456.0
008 - FIXED-LENGTH DATA ELEMENTS
- fixed length control field: 260629|| aca||aabn | a|a d
040 ## - CATALOGING SOURCE
- Original cataloging agency: PK-NaQUE
- Transcribing agency: PK-NaQUE
100 ## - HEADING--PERSONAL NAME
- Personal name: Raja Danish Ali
- Personal name: 22-MCE-03
- Personal name: Supervisor - Prof.Dr. Bashir Ahmed Memon
670 ## - SOURCE DATA FOUND
- Source citation: Work cat.: (PK-NaQUE)69072: Raja Danish Ali 22-MCE-03 Supervisor - Prof.Dr. Bashir Ahmed Memon, Compressive and Tensile Strength of Concrete with Recycled Aggregates Marble Dust and Bamboo Fibers (Thesis ME), 2025